| 000 | 00405 a2200109 4500 | ||
|---|---|---|---|
| 020 | _a0849374332 (alk. paper) | ||
| 082 | _a624.1821 FAE | ||
| 100 | _aFaella, C. | ||
| 245 |
_aStructural steel semirigid connections : _btheory, design, and software / _cC. Faella, V. Piluso, G. Rizzano. |
||
| 260 |
_aBoca Raton : _bCRC Press, _cc2000. |
||
| 300 |
_a505 p. : _bill. ; _c24 cm. + _e1 computer disk |
||
| 650 |
_aBuilding, Iron and steel _xJoints. |
||
| 999 |
_c1314 _d1314 |
||